[Event "Guillermo Garcia Memorial-B"]
[Site "Santa Clara"]
[Date "2022.05.09"]
[Round "9"]
[White "Clavijo, Jorge Mario"]
[Black "Lopez Rayo, Santiago"]
[Result "0-1"]
[WhiteElo "2309"]
[BlackElo "2226"]
[PlyCount "108"]
[EventDate "2022.04.30"]
[EventType "tourn"]
[EventRounds "9"]
[EventCountry "CUB"]
[EventCategory "3"]
[SourceTitle "CBM 208 Extra"]
[Source "ChessBase"]
[SourceDate "2022.07.31"]
[SourceVersion "1"]
[SourceVersionDate "2022.07.31"]
[SourceQuality "1"]

1. d4 Nf6 2. c4 g6 3. Nc3 Bg7 4. e4 d6 5. Nf3 0-0 6. Be2 e5 7. 0-0 Nc6 8. d5 Ne7 9. Ne1 Nd7 10. Nd3 f5 11. Bd2 Nf6 12. f3 f4 13. c5 c6 14. cxd6 Qxd6 15. dxc6 Nxc6 16. Nb5 Qe7 17. a4 Be6 18. Bc3 Rfd8 19. Qe1 a6 20. Na3 Rac8 21. Qf2 Bf7 22. Rfc1 Bf8 23. Bf1 g5 24. b4 Rxd3 25. Bxd3 Nxb4 26. Bf1 Qe6 27. Kh1 Na2 28. Qxa2 Qxa2 29. Rxa2 Bxa2 30. Bb2 Rxc1 31. Bxc1 Nd7 32. Bc4+ Bxc4 33. Nxc4 b5 34. axb5 axb5 35. Na5 Kf7 36. Kg1 Ke6 37. Kf2 Bb4 38. Nb3 Kd6 39. Ke2 Nb6 40. Kd3 Nc4 41. Kc2 Kc6 42. Kd3 Bd6 43. Bd2 Nxd2 44. Kxd2 b4 45. Kd3 Kb5 46. Kc2 Kc4 47. Na5+ Kb5 48. Nb3 Kc4 49. Na5+ Kd4 50. Kd2 Bc7 51. Nb3+ Kc4 52. Kc2 Bb6 53. Nc1 Bd4 54. Nb3 Bc3 0-1

[Event "Guillermo Garcia Memorial-B"]
[Site "Santa Clara"]
[Date "2022.05.07"]
[Round "7"]
[White "Perez Marimon, Jorge De Jesus"]
[Black "Clavijo, Jorge Mario"]
[Result "1-0"]
[WhiteElo "2342"]
[BlackElo "2309"]
[PlyCount "63"]
[EventDate "2022.04.30"]
[EventType "tourn"]
[EventRounds "9"]
[EventCountry "CUB"]
[EventCategory "3"]
[SourceTitle "CBM 208 Extra"]
[Source "ChessBase"]
[SourceDate "2022.07.31"]
[SourceVersion "1"]
[SourceVersionDate "2022.07.31"]
[SourceQuality "1"]

1. e4 c5 2. Nf3 d6 3. Bb5+ Bd7 4. a4 Nc6 5. 0-0 Nf6 6. Re1 e6 7. c3 Be7 8. d4 cxd4 9. cxd4 d5 10. e5 Ne4 11. Nbd2 Nxd2 12. Bxd2 Nb4 13. Qb3 a5 14. Bf1 Rb8 15. Rec1 0-0 16. Rc3 Qb6 17. Rac1 Rfc8 18. Bd3 Qd8 19. Bb1 Qe8 20. Rc7 g6 21. h4 Rxc7 22. Rxc7 Bc6 23. Rxe7 Qxe7 24. Bg5 Qe8 25. Qe3 Bxa4 26. b3 Na6 27. bxa4 Qxa4 28. Be7 Qe8 29. Bd6 Rd8 30. Qh6 f5 31. exf6 Rxd6 32. Qg7# 1-0

[Event "Guillermo Garcia Memorial-B"]
[Site "Santa Clara"]
[Date "2022.05.06"]
[Round "6"]
[White "Clavijo, Jorge Mario"]
[Black "Diaz Murgada, Rider"]
[Result "1/2-1/2"]
[WhiteElo "2309"]
[BlackElo "2430"]
[PlyCount "90"]
[EventDate "2022.04.30"]
[EventType "tourn"]
[EventRounds "9"]
[EventCountry "CUB"]
[EventCategory "3"]
[SourceTitle "CBM 208 Extra"]
[Source "ChessBase"]
[SourceDate "2022.07.31"]
[SourceVersion "1"]
[SourceVersionDate "2022.07.31"]
[SourceQuality "1"]

1. d4 Nf6 2. c4 e6 3. Nc3 Bb4 4. e3 0-0 5. Nf3 d5 6. Bd3 c5 7. 0-0 dxc4 8. Bxc4 cxd4 9. exd4 b6 10. Qe2 Bb7 11. Rd1 h6 12. Ne5 Nc6 13. Bf4 Ne7 14. Rd3 Nf5 15. Rad1 Nd5 16. Bc1 Rc8 17. Nxd5 Bxd5 18. Ba6 Rc7 19. Rh3 Bxg2 20. Kxg2 Rxc1 21. Rxc1 Qg5+ 22. Qg4 Qxc1 23. Bc4 Bd6 24. b3 Bxe5 25. dxe5 Qb2 26. Qf4 Rd8 27. Bd3 Rd4 28. Qf3 Qd2 29. Bxf5 exf5 30. Qxf5 Rf4 31. Qc8+ Kh7 32. Rf3 Qd5 33. Qc3 g6 34. h3 Kg8 35. a4 a5 36. Qe3 Rf5 37. Kg3 Rg5+ 38. Kh2 Rxe5 39. Qd3 Qe6 40. Qd8+ Qe8 41. Qxb6 Rg5 42. Qc7 Qe6 43. Qd8+ Kg7 44. Qd4+ Kh7 45. Qf6 Qxf6 1/2-1/2

[Event "Guillermo Garcia Memorial-B"]
[Site "Santa Clara"]
[Date "2022.05.04"]
[Round "5"]
[White "La Villa Rivas, Marlon Javier"]
[Black "Clavijo, Jorge Mario"]
[Result "1-0"]
[WhiteElo "2275"]
[BlackElo "2309"]
[PlyCount "57"]
[EventDate "2022.04.30"]
[EventType "tourn"]
[EventRounds "9"]
[EventCountry "CUB"]
[EventCategory "3"]
[SourceTitle "CBM 208 Extra"]
[Source "ChessBase"]
[SourceDate "2022.07.31"]
[SourceVersion "1"]
[SourceVersionDate "2022.07.31"]
[SourceQuality "1"]

1. e4 c5 2. Nf3 d6 3. d4 cxd4 4. Nxd4 Nf6 5. Nc3 g6 6. Be3 Bg7 7. f3 Nc6 8. Qd2 0-0 9. 0-0-0 d5 10. exd5 Nxd5 11. Nxc6 bxc6 12. Bd4 e5 13. Bc5 Be6 14. Ne4 Re8 15. h4 Nf4 16. Qc3 Bd5 17. g4 Ne6 18. Ba3 Nd4 19. h5 f5 20. gxf5 gxf5 21. h6 Bxh6+ 22. Rxh6 fxe4 23. f4 exf4 24. Qxd4 Qg5 25. Rh1 f3+ 26. Kb1 Qe5 27. Qe3 Rad8 28. Rg1+ Kf7 29. Qxa7+ 1-0

[Event "Guillermo Garcia Memorial-A 27th"]
[Site "Santa Clara"]
[Date "2018.05.31"]
[Round "9"]
[White "Clavijo, Jorge Mario"]
[Black "Nogueiras Santiago, Jesus"]
[Result "1/2-1/2"]
[WhiteElo "2313"]
[BlackElo "2501"]
[PlyCount "89"]
[EventDate "2018.05.22"]
[EventType "tourn"]
[EventRounds "9"]
[EventCountry "CUB"]
[EventCategory "8"]
[SourceTitle "CBM 184 Extra"]
[Source "ChessBase"]
[SourceDate "2018.06.28"]
[SourceVersion "1"]
[SourceVersionDate "2018.06.28"]
[SourceQuality "1"]

1. d4 e6 2. e4 d5 3. exd5 exd5 4. Bd3 c5 5. Nf3 c4 6. Be2 Nc6 7. 0-0 Bd6 8. b3 cxb3 9. axb3 Nf6 10. c4 0-0 11. Nc3 h6 12. c5 Bc7 13. Ra4 Ne7 14. Ne5 Ne4 15. Nxe4 dxe4 16. f3 Nd5 17. Qc2 e3 18. Bc4 Be6 19. Bxd5 Qxd5 20. Bxe3 Qxb3 21. Qxb3 Bxb3 22. Ra3 Bd5 23. Bf4 Rfe8 24. Nd3 Bd8 25. Nb4 Bc4 26. Rc1 Bb5 27. Nd5 Bc6 28. Nb6 Bxb6 29. cxb6 axb6 30. Rxa8 Rxa8 31. Bc7 b5 32. Rc5 Ra1+ 33. Kf2 Rd1 34. Be5 f6 35. Ke2 Rg1 36. Bg3 Rxg2+ 37. Ke3 Kf7 38. d5 Bd7 39. Rc7 Ke7 40. Rxb7 Ra2 41. Rb6 Rc2 42. Kd4 Rc8 43. Bd6+ Ke8 44. Rb7 g5 45. Ke4 1/2-1/2

[Event "Guillermo Garcia Memorial-A 27th"]
[Site "Santa Clara"]
[Date "2018.05.29"]
[Round "7"]
[White "Vera Siguenas, Deivy Anthoni"]
[Black "Clavijo, Jorge Mario"]
[Result "1-0"]
[WhiteElo "2503"]
[BlackElo "2313"]
[PlyCount "101"]
[EventDate "2018.05.22"]
[EventType "tourn"]
[EventRounds "9"]
[EventCountry "CUB"]
[EventCategory "8"]
[SourceTitle "CBM 184 Extra"]
[Source "ChessBase"]
[SourceDate "2018.06.28"]
[SourceVersion "1"]
[SourceVersionDate "2018.06.28"]
[SourceQuality "1"]

1. e4 c5 2. Nf3 d6 3. c3 Nf6 4. h3 Nc6 5. Bd3 d5 6. e5 Nd7 7. Bb5 Qa5 8. Bxc6 bxc6 9. d3 e6 10. 0-0 Be7 11. Re1 0-0 12. c4 f6 13. exf6 Bxf6 14. Nc3 Qc7 15. Qe2 Nb6 16. Ne5 Bxe5 17. Qxe5 Qxe5 18. Rxe5 a5 19. Bg5 Ra7 20. Rae1 Rb7 21. b3 a4 22. Nxa4 Nxa4 23. bxa4 Ra7 24. Be3 Rxa4 25. Bxc5 Rd8 26. cxd5 Rxd5 27. Rxd5 cxd5 28. a3 Kf7 29. Bb4 Ba6 30. d4 Bb5 31. Rc1 Bc4 32. Rb1 Ra6 33. Bc5 Kf6 34. Rb8 Rc6 35. Rf8+ Kg6 36. f4 Rc7 37. Re8 Kf5 38. g4+ Ke4 39. Kf2 Kd3 40. Rxe6 Rb7 41. Bb6 Bb3 42. f5 Bc2 43. Kf3 Kc4 44. Rc6+ Kb3 45. Kf4 Be4 46. g5 Kxa3 47. f6 gxf6 48. gxf6 Kb4 49. Bc7 Bg6 50. Ke5 Bf7 51. Kd6 1-0

[Event "Guillermo Garcia Memorial-A 24th"]
[Site "Santa Clara"]
[Date "2015.06.11"]
[Round "9"]
[White "Almeida Quintana, Omar"]
[Black "Clavijo, Jorge Mario"]
[Result "1-0"]
[WhiteElo "2486"]
[BlackElo "2330"]
[PlyCount "97"]
[EventDate "2015.06.03"]
[EventType "tourn"]
[EventRounds "9"]
[EventCountry "CUB"]
[EventCategory "8"]
[SourceTitle "CBM 167 Extra"]
[Source "ChessBase"]
[SourceDate "2015.09.14"]
[SourceVersion "1"]
[SourceVersionDate "2015.09.14"]
[SourceQuality "1"]

1. d4 Nf6 2. c4 g6 3. Nc3 Bg7 4. e4 d6 5. h3 0-0 6. Nf3 e5 7. d5 a5 8. g4 Na6 9. Be3 Nc5 10. Nd2 c6 11. Be2 a4 12. Qc2 Qa5 13. a3 Bd7 14. 0-0-0 cxd5 15. exd5 Rfc8 16. Kb1 Rab8 17. f3 b6 18. Rc1 Ne8 19. h4 h6 20. h5 g5 21. Bd3 e4 22. Ndxe4 Nxe4 23. Nxe4 b5 24. Bd2 b4 25. axb4 Rxb4 26. Bxb4 Qxb4 27. Qd2 Qb6 28. Rc3 Rb8 29. c5 dxc5 30. Nxc5 Nf6 31. Rhc1 Be8 32. Be4 Nd7 33. Nxa4 Qb4 34. Qc2 Bxc3 35. Nxc3 Nc5 36. Na2 Qb5 37. Bh7+ Kg7 38. b4 Nd7 39. Be4 Nf6 40. Qb2 Qb6 41. Rd1 Bd7 42. Qd4 Qa6 43. Bc2 Qe2 44. f4 Qxg4 45. Rg1 Qxh5 46. fxg5 hxg5 47. Qe5 Qh8 48. Rxg5+ Kh6 49. Qf4 1-0

[Event "Guillermo Garcia Memorial-A 24th"]
[Site "Santa Clara"]
[Date "2015.06.10"]
[Round "8"]
[White "Clavijo, Jorge Mario"]
[Black "Quesada Perez, Yasser"]
[Result "0-1"]
[WhiteElo "2330"]
[BlackElo "2519"]
[PlyCount "114"]
[EventDate "2015.06.03"]
[EventType "tourn"]
[EventRounds "9"]
[EventCountry "CUB"]
[EventCategory "8"]
[SourceTitle "CBM 167 Extra"]
[Source "ChessBase"]
[SourceDate "2015.09.14"]
[SourceVersion "1"]
[SourceVersionDate "2015.09.14"]
[SourceQuality "1"]

1. d4 d5 2. c4 e6 3. cxd5 exd5 4. Nc3 c6 5. Qc2 Bd6 6. Nf3 Ne7 7. g3 Bf5 8. Qd1 h6 9. Bg2 0-0 10. Bf4 Bxf4 11. gxf4 Ng6 12. e3 Nd7 13. 0-0 Bg4 14. Qd3 Bxf3 15. Bxf3 Nh4 16. Bd1 f5 17. Kh1 Nf6 18. Rg1 Qc7 19. Qe2 Rae8 20. Bc2 Kh8 21. Rae1 Qf7 22. Bd1 Rg8 23. Qf1 Ng4 24. Bxg4 fxg4 25. Rxg4 Nf3 26. Rd1 g5 27. fxg5 Qh5 28. Qg2 Rxg5 29. Rxg5 hxg5 30. h3 Rf8 31. Qg4 Qh7 32. Kg2 Qc2 33. Rf1 b5 34. Qe6 b4 35. Nd1 Kg7 36. Qg4 Rf6 37. Rh1 Kh6 38. Rf1 a5 39. Qc8 Kg7 40. Qd7+ Rf7 41. Qg4 Qe2 42. Qg3 Kg6 43. Qg4 Qxf1+ 44. Kxf1 Nh2+ 45. Ke2 Nxg4 46. hxg4 c5 47. dxc5 Rc7 48. b3 Rxc5 49. Kd2 Rc8 50. Nb2 Rh8 51. Nd3 Rh1 52. Kc2 Kf6 53. Kb2 Rd1 54. Kc2 Rg1 55. Kb2 Rxg4 56. a3 bxa3+ 57. Kxa3 d4 0-1

[Event "Guillermo Garcia Memorial-A 24th"]
[Site "Santa Clara"]
[Date "2015.06.06"]
[Round "4"]
[White "Otero Acosta, Diasmany"]
[Black "Clavijo, Jorge Mario"]
[Result "1-0"]
[WhiteElo "2456"]
[BlackElo "2330"]
[PlyCount "59"]
[EventDate "2015.06.03"]
[EventType "tourn"]
[EventRounds "9"]
[EventCountry "CUB"]
[EventCategory "8"]
[SourceTitle "CBM 167 Extra"]
[Source "ChessBase"]
[SourceDate "2015.09.14"]
[SourceVersion "1"]
[SourceVersionDate "2015.09.14"]
[SourceQuality "1"]

1. d4 Nf6 2. c4 g6 3. Nc3 Bg7 4. e4 d6 5. Nf3 0-0 6. h3 e5 7. d5 a5 8. g4 Na6 9. Be3 c6 10. Nd2 Nd7 11. h4 Ndc5 12. a3 Bd7 13. h5 Bf6 14. Qf3 Bg5 15. 0-0-0 Bxe3 16. Qxe3 g5 17. dxc6 bxc6 18. Nf3 f6 19. Rxd6 Qe7 20. Rd1 Bxg4 21. Bh3 Bxf3 22. Qxf3 Nb3+ 23. Kb1 Nd4 24. Qg4 Rab8 25. Qd7 Qxa3 26. Nb5 Qf3 27. Nxd4 Rxb2+ 28. Kxb2 Rb8+ 29. Nb5 Nc5 30. Be6+ 1-0

[Event "San Cristobal Bolivar op 1st"]
[Site "San Cristobal"]
[Date "2012.09.28"]
[Round "7"]
[White "Clavijo, Jorge Mario"]
[Black "Rodriguez Vila, Andres"]
[Result "0-1"]
[WhiteElo "2319"]
[BlackElo "2531"]
[PlyCount "58"]
[EventDate "2012.09.25"]
[EventType "swiss"]
[EventRounds "10"]
[EventCountry "VEN"]
[SourceTitle "EXT 2013"]
[Source "ChessBase"]
[SourceDate "2012.11.22"]
[SourceVersion "1"]
[SourceVersionDate "2012.11.22"]
[SourceQuality "1"]

1. d4 e6 2. c4 Nf6 3. Nc3 Bb4 4. e3 b6 5. Nge2 Ba6 6. a3 Be7 7. Nf4 d5 8. Qf3 c6 9. b3 0-0 10. Bb2 Qc8 11. Rc1 dxc4 12. bxc4 Nbd7 13. Bd3 e5 14. Nfe2 exd4 15. exd4 c5 16. Qg3 cxd4 17. Nxd4 Nc5 18. Be2 Rd8 19. Ndb5 Bf8 20. 0-0 Rd2 21. Ba1 Nb3 22. Rcd1 Rxd1 23. Rxd1 Nxa1 24. Rxa1 Bxb5 25. Nxb5 Qc5 26. Qc7 Re8 27. Qxc5 Bxc5 28. Bf3 g5 29. h3 Ne4 0-1

[Event "Sabadell op-A 5th"]
[Site "Sabadell"]
[Date "2012.09.03"]
[Round "5"]
[White "Ryan, Joseph"]
[Black "Clavijo, Jorge Mario"]
[Result "0-1"]
[WhiteElo "2300"]
[BlackElo "2319"]
[PlyCount "74"]
[EventDate "2012.08.30"]
[EventType "swiss"]
[EventRounds "9"]
[EventCountry "ESP"]
[SourceTitle "CBM 150 Extra"]
[Source "ChessBase"]
[SourceDate "2012.10.19"]
[SourceVersion "1"]
[SourceVersionDate "2012.10.19"]
[SourceQuality "1"]

1. d4 Nf6 2. c4 g6 3. g3 Bg7 4. Bg2 0-0 5. Nf3 d6 6. 0-0 Nbd7 7. Nc3 e5 8. e4 c6 9. h3 exd4 10. Nxd4 Nc5 11. Rb1 Re8 12. Re1 a5 13. b3 Nfd7 14. Be3 Ne5 15. Re2 a4 16. f4 Ned7 17. Bf2 axb3 18. axb3 Ra3 19. Qc2 Qf6 20. Rd2 h5 21. Nde2 Qe7 22. Bd4 Bh6 23. Bf2 Qf6 24. b4 Ne6 25. Rxd6 h4 26. f5 Bf8 27. Rxd7 Bxd7 28. fxe6 Bxe6 29. c5 Bg7 30. Rc1 hxg3 31. Bxg3 Qg5 32. Bf4 Qh5 33. Qd3 Rb3 34. e5 Rxb4 35. Ne4 Bxe5 36. N2g3 Qh8 37. Bxe5 Qxe5 0-1

[Event "Sabadell op-A 5th"]
[Site "Sabadell"]
[Date "2012.08.31"]
[Round "2"]
[White "Clavijo, Jorge Mario"]
[Black "Aroshidze, Levan"]
[Result "0-1"]
[WhiteElo "2319"]
[BlackElo "2568"]
[PlyCount "78"]
[EventDate "2012.08.30"]
[EventType "swiss"]
[EventRounds "9"]
[EventCountry "ESP"]
[SourceTitle "CBM 150 Extra"]
[Source "ChessBase"]
[SourceDate "2012.10.19"]
[SourceVersion "1"]
[SourceVersionDate "2012.10.19"]
[SourceQuality "1"]

1. d4 Nf6 2. c4 e6 3. Nf3 c5 4. d5 exd5 5. cxd5 d6 6. Nc3 g6 7. g3 Bg7 8. Bg2 0-0 9. 0-0 Re8 10. Re1 a6 11. a4 Nbd7 12. Bf4 Ng4 13. h3 Nge5 14. Nd2 Rb8 15. Nce4 Qc7 16. Qc2 b5 17. axb5 axb5 18. b4 c4 19. Nc3 Nf6 20. Ra5 Nd3 21. Rea1 Nxf4 22. gxf4 Nh5 23. e3 Bf5 24. Qc1 Qc8 25. Kh2 g5 26. Rxb5 gxf4 27. e4 Bd7 28. Rxb8 Qxb8 29. Rb1 Qa7 30. Nd1 c3 31. Nc4 Qa2 32. Nxd6 c2 33. Rb2 cxd1Q 34. Qxd1 Qxb2 35. Nxe8 Be5 36. Qxh5 f3+ 37. Kg1 Qb1+ 38. Bf1 Bb5 39. Kh1 Qxf1# 0-1

[Event "Cartago op"]
[Site "Cartago"]
[Date "2010.11.01"]
[Round "7"]
[White "Aguilar, Natalia Andrea"]
[Black "Clavijo, Jorge Mario"]
[Result "0-1"]
[WhiteElo "1924"]
[BlackElo "2332"]
[PlyCount "36"]
[EventDate "2010.10.30"]
[EventType "swiss"]
[EventRounds "7"]
[EventCountry "COL"]
[SourceTitle "EXT 2011"]
[Source "ChessBase"]
[SourceDate "2010.11.26"]
[SourceVersion "1"]
[SourceVersionDate "2010.11.26"]
[SourceQuality "1"]

1. d4 Nf6 2. c4 g6 3. Nf3 Bg7 4. Nc3 d5 5. e3 0-0 6. b3 c5 7. Bb2 Nc6 8. Be2 cxd4 9. exd4 dxc4 10. bxc4 Bg4 11. d5 Na5 12. Ne5 Bxe2 13. Qxe2 Rc8 14. Rc1 Nd7 15. f4 Nxe5 16. fxe5 Nxc4 17. 0-0 Nxb2 18. Qxb2 Bxe5 0-1

[Event "Charala op"]
[Site "Charala"]
[Date "2010.07.19"]
[Round "5"]
[White "Guzman Mellado, Arcadio"]
[Black "Clavijo, Jorge Mario"]
[Result "0-1"]
[WhiteElo "1974"]
[BlackElo "2337"]
[PlyCount "80"]
[EventDate "2010.07.17"]
[EventType "swiss"]
[EventRounds "8"]
[EventCountry "COL"]
[SourceTitle "CBM 137 Extra"]
[Source "ChessBase"]
[SourceDate "2010.09.01"]
[SourceVersion "1"]
[SourceVersionDate "2010.09.01"]
[SourceQuality "1"]

1. e4 c5 2. c3 d5 3. exd5 Qxd5 4. d4 Nf6 5. Nf3 e6 6. Be2 Nc6 7. 0-0 cxd4 8. cxd4 Be7 9. Nc3 Qd6 10. Bg5 b6 11. Nb5 Qd8 12. Bf4 0-0 13. Qd2 Bb7 14. Rfd1 Nb4 15. Rac1 a6 16. Nc3 Rc8 17. h3 Nbd5 18. Bg3 b5 19. Ne5 Qa5 20. f3 Nxc3 21. bxc3 Nd5 22. Be1 Rxc3 23. Rxc3 Bb4 24. Rdc1 Bxc3 25. Rxc3 Qxc3 26. Qxc3 Nxc3 27. Bxc3 Rc8 28. Bb4 Rc2 29. Bd3 Rxa2 30. Bc5 Bd5 31. Nd7 Bc4 32. Be4 a5 33. Nb6 a4 34. d5 exd5 35. Nxd5 a3 36. Ne7+ Kh8 37. Nf5 Ra1+ 38. Kh2 a2 39. Bd4 Rd1 40. Bxg7+ Kg8 0-1

[Event "Charala op"]
[Site "Charala"]
[Date "2010.07.17"]
[Round "2"]
[White "Clavijo, Jorge Mario"]
[Black "Abril Guiza, Mauricio"]
[Result "1/2-1/2"]
[WhiteElo "2337"]
[BlackElo "2016"]
[PlyCount "52"]
[EventDate "2010.07.17"]
[EventType "swiss"]
[EventRounds "8"]
[EventCountry "COL"]
[SourceTitle "CBM 137 Extra"]
[Source "ChessBase"]
[SourceDate "2010.09.01"]
[SourceVersion "1"]
[SourceVersionDate "2010.09.01"]
[SourceQuality "1"]

1. d4 Nf6 2. c4 c5 3. d5 b5 4. cxb5 a6 5. bxa6 g6 6. Nc3 Bxa6 7. e4 Bxf1 8. Kxf1 d6 9. g3 Bg7 10. Kg2 0-0 11. Nge2 Nbd7 12. Rb1 Ra6 13. Bf4 Qa8 14. f3 Rb8 15. Qd2 Ne8 16. h4 h5 17. Bh6 Ne5 18. Bxg7 Kxg7 19. b3 Ra3 20. Na4 Qa6 21. Nec3 Qd3 22. Qf2 Qd4 23. Rhd1 Qxf2+ 24. Kxf2 Nc7 25. Ra1 c4 26. Rdb1 cxb3 1/2-1/2

[Event "COL-ch sf "]
[Site "Medellin"]
[Date "2010.06.11"]
[Round "9"]
[White "Escobar Medina, Andres F"]
[Black "Clavijo, Jorge Mario"]
[Result "1/2-1/2"]
[WhiteElo "2113"]
[BlackElo "2364"]
[PlyCount "103"]
[EventDate "2010.06.05"]
[EventType "swiss"]
[EventRounds "11"]
[EventCountry "COL"]
[SourceTitle "CBM 136 Extra"]
[Source "ChessBase"]
[SourceDate "2010.07.02"]
[SourceVersion "2"]
[SourceVersionDate "2010.07.15"]
[SourceQuality "1"]

1. e4 c6 2. c4 d5 3. cxd5 cxd5 4. exd5 Nf6 5. Bb5+ Bd7 6. Bc4 b5 7. Bb3 a5 8. a3 Na6 9. d4 Nc7 10. Bg5 Nfxd5 11. Nf3 g6 12. 0-0 Bg7 13. Re1 0-0 14. Nc3 Be6 15. Bxd5 Nxd5 16. Nxd5 Qxd5 17. Bxe7 Rfe8 18. Bc5 a4 19. Qd3 Qb7 20. Qc3 Bh6 21. Re2 Bc4 22. Rxe8+ Rxe8 23. Re1 Be6 24. h4 Qd7 25. Re2 Bc4 26. Ne5 Qf5 27. Re1 Qe6 28. Re4 Bg7 29. Re3 Rb8 30. Nxc4 Qxc4 31. Qxc4 bxc4 32. Rc3 Rxb2 33. Rxc4 Rb1+ 34. Kh2 Rd1 35. Rxa4 h5 36. g3 Bf6 37. Ra6 Kg7 38. Ra4 g5 39. hxg5 Bxg5 40. Bd6 Kf6 41. f4 Bh6 42. Be5+ Kf5 43. Ra6 Bf8 44. Kh3 Rh1+ 45. Kg2 Ra1 46. d5 Rxa3 47. Rxa3 Bxa3 48. d6 Ke6 49. Kh3 f6 50. Bc3 Bxd6 51. Kh4 f5 52. Kxh5 1/2-1/2

[Event "COL-ch sf "]
[Site "Medellin"]
[Date "2010.06.10"]
[Round "8"]
[White "Clavijo, Jorge Mario"]
[Black "Valle, Efrain"]
[Result "0-1"]
[WhiteElo "2364"]
[BlackElo "2185"]
[PlyCount "90"]
[EventDate "2010.06.05"]
[EventType "swiss"]
[EventRounds "11"]
[EventCountry "COL"]
[SourceTitle "CBM 136 Extra"]
[Source "ChessBase"]
[SourceDate "2010.07.02"]
[SourceVersion "2"]
[SourceVersionDate "2010.07.15"]
[SourceQuality "1"]

1. d4 Nf6 2. c4 g6 3. Nc3 Bg7 4. e4 d6 5. Nf3 c5 6. Be2 0-0 7. 0-0 cxd4 8. Nxd4 Nc6 9. Be3 Bd7 10. f3 a6 11. Qd2 Rc8 12. Rac1 Nxd4 13. Bxd4 Be6 14. b3 Nd7 15. Be3 Qe8 16. Nd5 Bxd5 17. cxd5 Nf6 18. Rxc8 Qxc8 19. Rc1 Qd7 20. Qc2 e6 21. dxe6 Qxe6 22. Qd2 d5 23. exd5 Nxd5 24. Bf2 Bc3 25. Qd1 b5 26. Bf1 Bb2 27. Rc5 Ne7 28. a4 Ba3 29. Rc7 Bd6 30. Ra7 bxa4 31. bxa4 Qe5 32. g3 Bc5 33. Rxa6 Bxf2+ 34. Kxf2 Qc5+ 35. Kg2 Nf5 36. Qd3 Rb8 37. Kh3 Ne3 38. g4 Qe5 39. Be2 Nd5 40. Qe4 Nf4+ 41. Kg3 Nxe2+ 42. Kg2 Nf4+ 43. Kg3 Nh5+ 44. Kh4 Qxh2+ 45. Kg5 h6+ 0-1

[Event "Bogota IRT op Navideno"]
[Site "Bogota"]
[Date "2009.12.07"]
[Round "7"]
[White "Tautiva, Cristian Camilo"]
[Black "Clavijo, Jorge Mario"]
[Result "1-0"]
[WhiteElo "1982"]
[BlackElo "2379"]
[PlyCount "57"]
[EventDate "2009.12.04"]
[EventType "swiss"]
[EventRounds "9"]
[EventCountry "COL"]
[SourceTitle "EXT 2024"]
[Source "ChessBase"]
[SourceDate "2023.10.10"]
[SourceVersion "1"]
[SourceVersionDate "2023.10.10"]
[SourceQuality "1"]

1. e4 c5 2. Nf3 d6 3. d4 cxd4 4. Nxd4 Nf6 5. Nc3 g6 6. f3 Bg7 7. Be3 0-0 8. Bc4 Nc6 9. Bb3 Bd7 10. h4 h5 11. Qd2 Ne5 12. 0-0-0 Rc8 13. Bg5 Rc5 14. Kb1 b5 15. g4 hxg4 16. h5 Rxc3 17. Bxf6 Rxb3 18. Bxe5 Rxb2+ 19. Kxb2 Bxe5 20. hxg6 fxg6 21. Qh6 Rf7 22. f4 Bf6 23. e5 dxe5 24. fxe5 Bxe5 25. Qxg6+ Rg7 26. Qh5 Qc7 27. Qh8+ Kf7 28. Rdf1+ Bf6 29. Rh7 1-0

[Event "Cartago op"]
[Site "Cartago"]
[Date "2009.08.17"]
[Round "7"]
[White "Clavijo, Jorge Mario"]
[Black "Sanabria Rangel, Sergio Andres"]
[Result "1/2-1/2"]
[WhiteElo "2364"]
[BlackElo "2087"]
[PlyCount "28"]
[EventDate "2009.08.15"]
[EventType "swiss"]
[EventRounds "7"]
[EventCountry "COL"]
[SourceTitle "EXT 2011"]
[Source "ChessBase"]
[SourceDate "2010.11.26"]
[SourceVersion "1"]
[SourceVersionDate "2010.11.26"]
[SourceQuality "1"]

1. d4 d5 2. c4 c6 3. Nc3 e6 4. e4 dxe4 5. Nxe4 Nf6 6. Nxf6+ Qxf6 7. Nf3 Bb4+ 8. Bd2 Bd6 9. Bd3 h6 10. 0-0 0-0 11. Bc3 Qe7 12. Bd2 Qf6 13. Bc3 Qf4 14. Bd2 Qf6 1/2-1/2

[Event "Cartago op"]
[Site "Cartago"]
[Date "2009.08.16"]
[Round "4"]
[White "Panesso Rivera, Henry"]
[Black "Clavijo, Jorge Mario"]
[Result "1/2-1/2"]
[WhiteElo "2290"]
[BlackElo "2364"]
[PlyCount "35"]
[EventDate "2009.08.15"]
[EventType "swiss"]
[EventRounds "7"]
[EventCountry "COL"]
[SourceTitle "EXT 2011"]
[Source "ChessBase"]
[SourceDate "2010.11.26"]
[SourceVersion "1"]
[SourceVersionDate "2010.11.26"]
[SourceQuality "1"]

1. e4 c5 2. Nf3 d6 3. d4 cxd4 4. Nxd4 Nf6 5. Nc3 g6 6. Be3 Bg7 7. f3 0-0 8. Qd2 Nc6 9. 0-0-0 d5 10. exd5 Nxd5 11. Nxc6 bxc6 12. Nxd5 cxd5 13. Qxd5 Qc7 14. Qc5 Qb7 15. Qb5 Qc7 16. Qc5 Qb7 17. Qb5 Qc7 18. Qc5 1/2-1/2

[Event "Capablanca Memorial op 44th"]
[Site "Havana"]
[Date "2009.06.17"]
[Round "9"]
[White "Clavijo, Jorge Mario"]
[Black "Margolin, Boris"]
[Result "1-0"]
[WhiteElo "2365"]
[BlackElo "2436"]
[PlyCount "81"]
[EventDate "2009.06.08"]
[EventType "swiss"]
[EventRounds "10"]
[EventCountry "CUB"]
[SourceTitle "CBM 130 Extra"]
[Source "ChessBase"]
[SourceDate "2009.07.02"]
[SourceVersion "2"]
[SourceVersionDate "2009.07.15"]
[SourceQuality "1"]

1. e4 c6 2. d4 d5 3. Nc3 g6 4. h3 Bg7 5. Nf3 dxe4 6. Nxe4 Nd7 7. Bc4 Ngf6 8. Nxf6+ Nxf6 9. 0-0 0-0 10. c3 Qd6 11. Qe2 b5 12. Bb3 a6 13. Bg5 Re8 14. Rfe1 Nd5 15. Nd2 Bf5 16. g4 Bd7 17. Ne4 Qc7 18. Qf3 Rad8 19. Re2 Bc8 20. Rae1 h6 21. Bxd5 Rxd5 22. Nf6+ Bxf6 23. Bxf6 Be6 24. Rxe6 fxe6 25. Be5 Rxe5 26. Rxe5 Qd6 27. Qe4 Kf7 28. Qf3+ Kg7 29. Qe3 Kf7 30. Qxh6 Rg8 31. Qe3 Rh8 32. Kg2 Rb8 33. a3 Ra8 34. Qh6 Rg8 35. Kg1 a5 36. Re4 g5 37. Re5 Rg6 38. Qh7+ Kf6 39. Kg2 Rg7 40. Qh6+ Kf7 41. Rxg5 1-0